[Event "BCA op"]
[Site "Buenos Aires"]
[Date "1988.??.??"]
[Round "?"]
[White "Campos, Luis Maria"]
[Black "Bronstein, Luis"]
[Result "0-1"]
[WhiteElo "2290"]
[BlackElo "2405"]

1.e4 c5 2.Nf3 e6 3.d4 cxd4 4.Nxd4 Nc6 5.Nc3 a6 6.g3 Qc7 7.Bg2 Nf6 8.O-O Nxd4
9.Qxd4 Bc5 10.Qd3 d6 11.Bf4 Nd7 12.Na4 e5 13.Bd2 Bd4 14.Bc3 Nc5 15.Nxc5 Bxc5
16.Rfd1 Be6 17.Qd2 O-O 18.Ba5 Bxf2+ 19.Kxf2 Qc5+ 20.Ke1 f5 21.Bf1 fxe4 22.Bb4 Rxf1+
23.Kxf1 Bh3+ 24.Ke2 Bg4+ 25.Kf1 Rf8+ 26.Kg2 Bf3+ 27.Kf1 Bxd1+ 28.Kg2 Bf3+
29.Kf1 Bh1+ 30.Ke2 Qc4+ 31.Kd1 Rf1+  0-1

[Event "BUL-ch"]
[Site "BUL"]
[Date "1988.??.??"]
[Round "?"]
[White "Ermenkov, Evgenij"]
[Black "Semkov, Semko"]
[Result "1-0"]
[WhiteElo "2480"]
[BlackElo "2470"]

1.e4 c5 2.Nf3 e6 3.d4 cxd4 4.Nxd4 Nc6 5.Nc3 Qc7 6.Be2 a6 7.f4 b5 8.Nxc6 Qxc6
9.Bf3 Bb7 10.Be3 Rc8 11.Qd3 Bb4 12.Bd4 Nf6 13.O-O-O Bxc3 14.Bxc3 Qc4 15.Rhe1 Qxd3
16.Rxd3 Bc6 17.g4 h6 18.h4 Kf8 19.b3 Ng8 20.Bb4+ Ne7 21.Red1 Ke8 22.Bd6 f6
23.Kb2 Kf7 24.f5 Rhd8 25.Bb4 Re8 26.Rd6 g6 27.Rxd7 Bxd7 28.Rxd7 g5 29.hxg5 hxg5
30.Ba5 Kg8 31.e5 Kf7 32.Ra7 fxe5 33.Rxa6 exf5 34.gxf5 g4 35.Bxg4 Rg8 36.Bh5+ Kg7
37.f6+ Kh6 38.Bf7 Nc6 39.Bxg8  1-0

[Event "BUL-ch"]
[Site "BUL"]
[Date "1988.??.??"]
[Round "?"]
[White "Spasov, Vasil"]
[Black "Nikolov, Sasho"]
[Result "1-0"]
[WhiteElo "2375"]
[BlackElo "2215"]

1.e4 c5 2.Nf3 e6 3.d4 cxd4 4.Nxd4 Nc6 5.Nc3 d6 6.Be2 Nf6 7.f4 Be7 8.Be3 Bd7
9.g4 O-O 10.g5 Ne8 11.h4 a6 12.Qd2 Nxd4 13.Bxd4 Bc6 14.Bd3 f5 15.O-O-O b5
16.exf5 Bxh1 17.Rxh1 b4 18.Na4 exf5 19.Nb6 Rb8 20.Bc4+ Kh8 21.Nd5 Nc7 22.Nxe7 Qxe7
23.h5 d5 24.h6 dxc4 25.hxg7+ Kg8 26.Qh2  1-0

[Event "Bytom"]
[Site "Bytom"]
[Date "1988.??.??"]
[Round "9"]
[White "Tomorhuyag, Nyamaa"]
[Black "Kazek, Krzysztof"]
[Result "1-0"]
[WhiteElo "2405"]
[BlackElo "2245"]

1.e4 c5 2.Nf3 Nc6 3.d4 cxd4 4.Nxd4 e6 5.Nc3 Qc7 6.g3 a6 7.Bg2 d6 8.O-O Bd7
9.Be3 Nf6 10.f4 Be7 11.Nb3 b5 12.a3 O-O 13.g4 Bc8 14.g5 Nd7 15.f5 Re8 16.f6 Bf8
17.Nd4 Nxd4 18.Bxd4 g6 19.h4 Ne5 20.h5 Bb7 21.Bxe5 dxe5 22.hxg6 hxg6 23.Qg4 Rec8
24.Qh4 Qc5+ 25.Kh1 Qe3 26.Rae1 Rxc3 27.bxc3 Qd2 28.Rf3  1-0

[Event "Calcutta"]
[Site "Calcutta"]
[Date "1988.??.??"]
[Round "?"]
[White "Rogers, Ian"]
[Black "Mishra, Neeraj Kumar"]
[Result "1-0"]
[WhiteElo "2520"]
[BlackElo "2335"]

1.e4 c5 2.Nf3 Nc6 3.d4 cxd4 4.Nxd4 e6 5.Nc3 a6 6.Nxc6 bxc6 7.Bd3 d5 8.O-O Nf6
9.Re1 Be7 10.e5 Nd7 11.Qg4 Bf8 12.b3 Rb8 13.Na4 g6 14.Qg3 Qc7 15.Bb2 Nc5
16.Nxc5 Bxc5 17.c4 Qb6 18.Rac1 Bd4 19.Bxd4 Qxd4 20.Red1 Qb6 21.h4 Bb7 22.h5 Rg8
23.Rc2 c5 24.cxd5 Bxd5 25.Rdc1 Rc8 26.h6 Kd7 27.Qf4 Rge8 28.Qxf7+ Re7 29.Qf4 Kd8
30.b4 c4 31.Bxc4  1-0

[Event "Calcutta"]
[Site "Calcutta"]
[Date "1988.??.??"]
[Round "?"]
[White "Rogers, Ian"]
[Black "Murshed, Niaz"]
[Result "1-0"]
[WhiteElo "2520"]
[BlackElo "2455"]

1.e4 c5 2.Nf3 e6 3.d4 cxd4 4.Nxd4 Nc6 5.Nc3 d6 6.Be3 Nf6 7.f4 Bd7 8.Qf3 a6
9.g4 Nxd4 10.Bxd4 Qa5 11.Bxf6 gxf6 12.O-O-O Rc8 13.f5 Qe5 14.Kb1 Be7 15.h4 Rc5
16.Bh3 Kd8 17.Rhe1 Kc8 18.Nd5 Bd8 19.Nf4 Rb5 20.c3 Kb8 21.Bf1 Rb6 22.Bc4 Bc7
23.Bb3 Qb5 24.Rd4 a5 25.fxe6 fxe6 26.Nd3 e5 27.Ba4 Qa6 28.Nc5 dxc5 29.Rxd7 Rd8
30.Rd5 Qc4 31.Bb3 Qb5 32.Qe2 Qxe2 33.Rxe2 Rbd6 34.Rf2 Rxd5 35.Bxd5 Rf8 36.a4 Bd6
37.Rf5 h6 38.Rh5 Rh8 39.g5 fxg5 40.hxg5 Bf8 41.gxh6 Rxh6 42.Rxe5 Bd6 43.Rg5 Rh7
44.Ka2 Be7 45.Rg2 Kc7 46.Kb3 Bf6 47.Kc4 Rg7 48.Rf2 Bg5 49.Kb5 Be3 50.Re2 Bf4
51.Kxa5 Rh7 52.Kb5 b6 53.Rf2 Be5 54.Rf5 Bh8 55.e5 Rh2 56.b3  1-0

[Event "Capablanca mem-A"]
[Site "Cienfuegos"]
[Date "1988.??.??"]
[Round "?"]
[White "Diaz, Joaquin C"]
[Black "Milos, Gilberto"]
[Result "0-1"]
[WhiteElo "2485"]
[BlackElo "2510"]

1.e4 c5 2.Nf3 Nc6 3.d4 cxd4 4.Nxd4 e6 5.Nc3 Qc7 6.Be2 a6 7.O-O Nf6 8.Bg5 Be7
9.Qd2 O-O 10.Nxc6 bxc6 11.f4 d6 12.b3 Rd8 13.Qe1 a5 14.Qg3 Ne8 15.Bxe7 Qxe7
16.e5 d5 17.Na4 g6 18.Qc3 Qb4 19.Qxb4 axb4 20.a3 bxa3 21.Rxa3 Rd7 22.Raa1 Rda7
23.Rf3 Ba6 24.Bxa6 Rxa6 25.Rd1 h5 26.g3 Kf8 27.Rc3 Nc7 28.Kf2 Ke7 29.Rc5 Kd7
30.Rd4 Rb8 31.Ke2 Ra7 32.Nc3 Ra1 33.Rd1 Ra3 34.Ne4 Nb5 35.Ng5 Kc7 36.Nxf7 Kb6
37.b4 Nc3+ 38.Rxc3 Rxc3 39.Rd2 Kc7 40.Ng5 Kd7 41.Ne4 Rc4 42.Nc5+ Ke7 43.Nd3 Ra8
44.h3 Ra2 45.Kd1 Ra1+ 46.Ke2 Kf7  0-1

[Event "COL-ch"]
[Site "?"]
[Date "1988.??.??"]
[Round "1"]
[White "Cuartas, Carlos"]
[Black "Zapata, Alonso"]
[Result "1/2-1/2"]
[WhiteElo "2360"]
[BlackElo "2500"]

1.e4 c5 2.Nf3 e6 3.d4 cxd4 4.Nxd4 Nc6 5.Nc3 a6 6.Nxc6 bxc6 7.Bd3 d6 8.O-O Nf6
9.Be3 e5 10.Na4 Be6 11.c4 c5 12.Bg5 Be7 13.Qe2 Nd7 14.Bxe7 Qxe7 15.Rad1 O-O
16.Bc2 Rfd8 17.b3 Nb8 18.f4 f6  1/2-1/2

[Event "Copenhagen op"]
[Site "Copenhagen"]
[Date "1988.??.??"]
[Round "?"]
[White "Ernst, Thomas"]
[Black "Kruszynski, Wlodzimierz"]
[Result "1/2-1/2"]
[WhiteElo "2455"]
[BlackElo "2335"]

1.e4 c5 2.Nf3 e6 3.d4 cxd4 4.Nxd4 Nc6 5.Nc3 a6 6.g3 d6 7.Bg2 Bd7 8.O-O Nf6
9.a4 Be7 10.Nb3 Na5 11.Nxa5 Qxa5 12.Bf4 Qc7 13.Re1 O-O 14.e5 dxe5 15.Bxe5 Qc8
16.Ne4 Nxe4 17.Rxe4 f6 18.Bd6 Bxd6 19.Qxd6 Rd8 20.Re2 Bxa4 21.Qxe6+ Qxe6
22.Rxe6 Bxc2 23.Bxb7 Rab8 24.Re7 a5 25.f3 a4 26.Rc7 Rd2 27.Bd5+ Rxd5 28.Rxc2 Rdb5  1/2-1/2

[Event "Copenhagen op"]
[Site "Copenhagen"]
[Date "1988.??.??"]
[Round "?"]
[White "Brinck Claussen, Bjorn"]
[Black "Loeffler, Stefan"]
[Result "1/2-1/2"]
[WhiteElo "2370"]
[BlackElo "2290"]

1.e4 c5 2.Nf3 e6 3.d4 cxd4 4.Nxd4 Nc6 5.Nc3 Qc7 6.Be3 Nf6 7.Be2 Be7 8.O-O O-O
9.f4 d6 10.Kh1 Re8 11.Qe1 Nxd4 12.Bxd4 e5 13.fxe5 dxe5 14.Qg3 Bd8 15.Be3 Kh8
16.Bg5 Be6 17.Bxf6 Bxf6 18.Bg4 Rad8 19.Bxe6 fxe6  1/2-1/2

[Event "Copenhagen op"]
[Site "Copenhagen"]
[Date "1988.??.??"]
[Round "?"]
[White "Haugli, Petter"]
[Black "Nilsson, Nils Specht"]
[Result "1-0"]
[WhiteElo "2350"]
[BlackElo "2230"]

1.e4 c5 2.Nf3 Nc6 3.d4 cxd4 4.Nxd4 e6 5.Nc3 Nf6 6.Nxc6 bxc6 7.e5 Nd5 8.Ne4 Qc7
9.f4 Qb6 10.c4 Ne3 11.Qd3 Nxf1 12.Rxf1 Bb7 13.Be3 c5 14.O-O-O Rd8 15.Rf2 Qc6
16.Nd6+ Bxd6 17.Qxd6 Qxd6 18.Rxd6 Rc8 19.Rfd2 Rc7 20.b3 Kd8 21.Kb2 Kc8 22.Kc3 Rf8
23.a3 f6 24.exf6 Rxf6 25.g3 Rf7 26.Re2 Bf3 27.Re1 Kb7 28.b4 cxb4+ 29.axb4 Bd5
30.Bc5 Bc6 31.Kd4 a6 32.b5 axb5 33.cxb5 Bd5 34.Rb6+ Kc8 35.Bd6 Rb7 36.Rc1+ Kd8
37.Rxb7 Bxb7 38.Rc7 Rf5 39.Rxb7 Rd5+ 40.Kc4 Rxd6 41.Rb8+ Kc7 42.Rh8 h6 43.Rg8 Rd2
44.h4 Rc2+ 45.Kb3 Rg2 46.Rxg7 h5 47.Kc4 Rg1 48.Rg5 Kb6 49.Kd4 d5 50.Rxh5 Kxb5
51.Re5 Rd1+ 52.Kc3 Kc5 53.Rxe6 d4+ 54.Kc2 Rg1 55.Rg6 Kc4 56.Kd2 Rg2+ 57.Ke1 d3
58.Kf1 d2 59.Rd6 Rh2 60.f5 Kc3 61.f6 Rh1+ 62.Kf2 d1=Q 63.Rxd1 Rxd1 64.g4 Rd8
65.Ke3 Kc4 66.Ke4 Kc5 67.Ke5 Kc6 68.f7 Kd7 69.Kf6  1-0

[Event "Copenhagen op"]
[Site "Copenhagen"]
[Date "1988.??.??"]
[Round "?"]
[White "Djurhuus, Rune"]
[Black "Kaspersen, Morten"]
[Result "1-0"]
[WhiteElo "2315"]
[BlackElo "2250"]

1.e4 c5 2.Nf3 e6 3.d4 cxd4 4.Nxd4 Nc6 5.Nc3 d6 6.Bc4 Nf6 7.Be3 Be7 8.Qe2 a6
9.Bb3 Qc7 10.O-O-O O-O 11.g4 Nd7 12.g5 Nc5 13.Rhg1 b5 14.Qh5 Rd8 15.Nxc6 Qxc6
16.Bd5 exd5 17.Nxd5 Qe8 18.Nf6+ Bxf6 19.gxf6 g6 20.Bxc5 Qf8 21.Bb6 Re8 22.f3 Bb7
23.Qg5 Rac8 24.Bd4 Kh8 25.h4 h5 26.Be3 Re6 27.Rd2 Rce8 28.Rgd1 Kg8 29.Bf4 Rd8
30.Bh2 Kh7 31.Qf4 Rd7 32.Rxd6 Rexd6 33.Rxd6 Rxd6 34.Qxd6 Qxd6 35.Bxd6 g5
36.hxg5 Kg6 37.Bf4 h4 38.Kd2 Bc8 39.Ke3 Be6 40.b3 h3 41.Kd4 Bd7 42.c4 bxc4
43.bxc4 Ba4 44.c5 Bd1 45.c6 Bxf3 46.c7 Bg4 47.Kc5  1-0

[Event "Copenhagen op"]
[Site "Copenhagen"]
[Date "1988.??.??"]
[Round "?"]
[White "Hoiberg, Nina"]
[Black "Nilsson, Nils Specht"]
[Result "1/2-1/2"]
[WhiteElo "2285"]
[BlackElo "2230"]

1.e4 c5 2.Nf3 Nc6 3.d4 cxd4 4.Nxd4 e6 5.Nc3 Nf6 6.Be3 Bb4 7.Nxc6 bxc6 8.e5 Nd5
9.a3 Nxe3 10.fxe3 Bxc3+ 11.bxc3 Qh4+ 12.Kd2 Qe4 13.Qh5 h6 14.Rb1 g6 15.Qh3 Qxe5
16.Bd3 Rb8 17.Rxb8 Qxb8 18.Qg4 Qd6 19.Qd4 Qxd4 20.cxd4 Kd8 21.e4 d6 22.e5 dxe5
23.dxe5 Re8 24.h4 h5 25.Rf1 Re7 26.Ke3 Rd7 27.Rf4 Ke7 28.Rc4 Rd5 29.Kf4 Ba6
30.Rxc6 Bxd3 31.cxd3 Rxd3 32.Rc7+ Kf8 33.Rxa7 Rd4+ 34.Kg3 Re4 35.Ra5 Kg7
36.Kh3 g5 37.hxg5 Kg6 38.a4 Kxg5 39.Ra7 Re3+ 40.Kh2 Kg6 41.Ra5 Re4 42.Kh3 Kg5
43.Ra7 Rh4+ 44.Kg3 Rg4+ 45.Kh3 Kg6 46.Ra8 Kf5 47.Ra7 Rg7 48.Ra5 Kf4 49.Rb5 Rg3+
50.Kh2 Ra3 51.g3+ Ke4 52.Ra5 Kd4 53.Kh3 Ke4 54.Ra7 Rf3 55.Ra5 Kf5 56.Rb5 Kg5
57.Kg2 Ra3 58.Rb4 Kf5 59.Rf4+ Kxe5 60.Rxf7 Rxa4 61.Rh7 Ke4 62.Rxh5 Ra2+  1/2-1/2

[Event "Copenhagen op"]
[Site "Copenhagen"]
[Date "1988.??.??"]
[Round "?"]
[White "Hoiberg, Nina"]
[Black "Plachetka, Jan"]
[Result "0-1"]
[WhiteElo "2285"]
[BlackElo "2415"]

1.e4 c5 2.Nf3 Nc6 3.d4 cxd4 4.Nxd4 e6 5.Nc3 d6 6.Bc4 Nf6 7.Be3 Be7 8.Bb3 O-O
9.f4 Nxd4 10.Bxd4 b5 11.e5 dxe5 12.fxe5 Nd7 13.Qf3 Rb8 14.O-O Qc7 15.Qe3 Bc5
16.Bxc5 Qxc5 17.Rae1 a5 18.a4 b4 19.Nb1 Ba6 20.Rf2 Qxe3 21.Rxe3 Nc5 22.Nd2 Rfd8
23.h3 Rd4 24.Nf3 Re4 25.Re1 Rd8 26.Kh2 Rxe1 27.Nxe1 Rd1  0-1

[Event "Copenhagen op"]
[Site "Copenhagen"]
[Date "1988.??.??"]
[Round "?"]
[White "Westerinen, Heikki MJ"]
[Black "Kruszynski, Wlodzimierz"]
[Result "0-1"]
[WhiteElo "2395"]
[BlackElo "2335"]

1.e4 c5 2.Nf3 e6 3.d4 cxd4 4.Nxd4 Nc6 5.Nc3 a6 6.Be2 d6 7.O-O Nf6 8.Kh1 Be7
9.f4 Qc7 10.Bf3 O-O 11.a4 Rb8 12.Nb3 b6 13.Qe2 Bb7 14.Be3 Na5 15.Nxa5 bxa5
16.Ba7 Rbc8 17.Bg1 Nd7 18.Rfd1 Rfd8 19.f5 Bf6 20.fxe6 fxe6 21.Bg4 Re8 22.Ra3 Ne5
23.Rb3 Nc4 24.Rd3 Qc6 25.Rh3 Ba8 26.Nd5 exd5 27.Bxc8 Qxc8 28.Qh5 dxe4 29.Qxh7+ Kf8
30.Qg6 Ke7 31.Rh7 Qe6 32.Qh5 e3 33.Qe2 Kd7 34.Rh5 Be4 35.Bxe3 Bc6 36.Rxa5 Nxa5
37.Qxa6 Qd5  0-1

[Event "Dieren op"]
[Site "Dieren"]
[Date "1988.??.??"]
[Round "1"]
[White "Rogers, Ian"]
[Black "Meulders, Richard"]
[Result "1-0"]
[WhiteElo "2535"]
[BlackElo "2320"]

1.e4 c5 2.Nf3 Nc6 3.d4 cxd4 4.Nxd4 e6 5.Nc3 Qc7 6.Be3 a6 7.f4 b5 8.Be2 Bb7
9.O-O Nf6 10.e5 Nxd4 11.Bxd4 Nd5 12.Ne4 Ne3 13.Nd6+ Qxd6 14.exd6 Nxd1 15.Raxd1 Bxd6
16.Bxg7 Bc5+ 17.Bd4 Rc8 18.c3 Ke7 19.f5 f6 20.Bf3 Bxf3 21.Rxf3 Bxd4+ 22.Rxd4 Rc4
23.Rd2 d5 24.Rg3 Rf8 25.Rg7+ Rf7 26.Rg8 exf5 27.Rxd5 Ke6 28.Rgd8 Rg7 29.R8d6+ Ke7
30.Rb6 Re4 31.Rxf5 Re6 32.Rh5  1-0

[Event "Dieren op"]
[Site "Dieren"]
[Date "1988.??.??"]
[Round "3"]
[White "Schwartz, AJ."]
[Black "Van Mil, Johannes A J"]
[Result "0-1"]
[WhiteElo "2230"]
[BlackElo "2385"]

1.e4 c5 2.Nf3 e6 3.d4 cxd4 4.Nxd4 Nc6 5.Nc3 a6 6.Be2 Nge7 7.O-O Nxd4 8.Qxd4 Nc6
9.Qd3 Qc7 10.Bg5 Bd6 11.Qh3 b5 12.Rad1 b4 13.Na4 Rb8 14.f4 Bb7 15.f5 Ne5
16.Bf4 O-O 17.f6 gxf6 18.Bh6 Ng6 19.Bd3 Be5 20.Kh1 Rfd8 21.Qh5 d5 22.Rf3 dxe4
23.Rh3 exd3 24.Be3 dxc2 25.Qxh7+ Kf8 26.Qh6+ Ke7 27.Rxd8 Rxd8  0-1

[Event "Dieren op"]
[Site "Dieren"]
[Date "1988.??.??"]
[Round "3"]
[White "Rogers, Ian"]
[Black "Belkhodja, Slim"]
[Result "1-0"]
[WhiteElo "2535"]
[BlackElo "2315"]

1.e4 c5 2.Nf3 e6 3.d4 cxd4 4.Nxd4 Nc6 5.Nc3 d6 6.Be3 Nf6 7.f4 e5 8.Nf3 Be7
9.Bc4 O-O 10.f5 a6 11.Qe2 b5 12.Bb3 Na5 13.Bg5 Nxb3 14.axb3 b4 15.Bxf6 bxc3
16.Bxe7 cxb2 17.Rb1 Qxe7 18.O-O a5 19.Rxb2 Bb7 20.c4 Rfc8 21.Nd2 f6 22.Ra1 Qc7
23.Qf2 Bc6 24.Rba2 Rcb8 25.h3 a4 26.bxa4 Ra5 27.c5 Rxc5 28.a5 Ba8 29.a6 d5
30.a7 Rd8 31.exd5 Rcxd5 32.Rb1 h6 33.Nf1 Rd4 34.Ne3 Be4 35.Qb2 Kh7 36.Rc1 Qd6
37.Qa3 Qd7 38.Qa5 Rd3 39.Qb6 Rd2 40.Rxd2 Qxd2 41.Rd1 Qxd1+ 42.Nxd1 Rxd1+
43.Kf2 Ra1 44.g4 Ra3 45.h4 Rh3 46.Qb4 Rf3+ 47.Ke1 Rf4 48.g5 hxg5 49.hxg5 fxg5
50.Qa4 Bf3 51.Qc2 Kh6 52.Qc8 Kh7 53.Qc2 Kh6 54.Qc8 Kh7 55.Qe6 g4 56.Qg6+ Kh8
57.Kf2 Be4+ 58.Kg3 Bf3 59.Qe8+ Kh7 60.Qxe5 Ra4 61.f6 gxf6 62.Qe7+ Kh6 63.Qxf6+  1-0

[Event "Dieren op"]
[Site "Dieren"]
[Date "1988.??.??"]
[Round "7"]
[White "Cuijpers, Frans Andre"]
[Black "Meulders, Richard"]
[Result "0-1"]
[WhiteElo "2420"]
[BlackElo "2320"]

1.e4 c5 2.Nf3 Nc6 3.d4 cxd4 4.Nxd4 e6 5.Nc3 Qc7 6.Be2 a6 7.O-O Nf6 8.Be3 Bb4
9.Na4 O-O 10.c4 Bd6 11.g3 Nxe4 12.Bf3 f5 13.Bxe4 fxe4 14.c5 Be5 15.Rc1 Nb4
16.Nb6 Rb8 17.Qg4 d5 18.cxd6 Qxb6 19.Nf3 Qxd6 20.Bc5 Qd5 21.Nxe5 Qxe5 22.Bxb4 Qf5
23.Qxf5 Rxf5 24.Rc7 Rd5 25.Re7 Bd7 26.Bc3 Kf8 27.Rxg7 h5 28.Rh7 Rc8 29.f3 e3
30.Re1 Kg8 31.Rg7+ Kf8 32.Rh7 Kg8 33.Rh6 Rxc3 34.bxc3 Kg7 35.c4 Rc5 36.Rxh5 Rxh5
37.Rxe3 Rc5 38.Re4 e5 39.f4 Be6 40.Kf2 Kf6 41.Ke3 Bxc4 42.a3 Be6 43.fxe5+ Rxe5
44.Kd4 Ra5 45.Re3 b6 46.Rc3 Ra4+ 47.Ke3 b5 48.h4 Ke5 49.h5 Re4+ 50.Kd2 Bc4
51.Re3 Rxe3 52.Kxe3 Bf7 53.h6 Bg6 54.g4 Be4 55.Kd2 Kd4  0-1

[Event "Dieren op"]
[Site "Dieren"]
[Date "1988.??.??"]
[Round "9"]
[White "Nijboer, Friso"]
[Black "Meulders, Richard"]
[Result "1-0"]
[WhiteElo "2420"]
[BlackElo "2320"]

1.e4 c5 2.Nf3 Nc6 3.d4 cxd4 4.Nxd4 e6 5.Nc3 Qc7 6.Be2 a6 7.O-O Nf6 8.Kh1 Nxd4
9.Qxd4 Bc5 10.Qd3 b5 11.f4 Bb7 12.Bf3 O-O 13.e5 Ne8 14.Ne4 Be7 15.a4 f5 16.Nd2 b4
17.Bxb7 Qxb7 18.Nc4 Rc8 19.b3 Rf7 20.a5 Rc6 21.Bb2 Bf8 22.Rad1 Nc7 23.Qf3 Nb5
24.Rd3 d5 25.exd6 Nxd6 26.Ne5 Rxc2 27.Nxf7 Qxf3 28.Rdxf3 Kxf7 29.R3f2 Rxf2
30.Rxf2 Ne4 31.Rc2 Bc5 32.g3 g6 33.Kg2 Ke7 34.Rc4 Kd7 35.Bd4 Bd6 36.Rc2 h6
37.h4 h5 38.Kf3 Be7 39.Be5 Bc5 40.Ke2 Kd8 41.Kd3 Kd7 42.Rc1 Kd8 43.Bd4 Bd6
44.Rc6 Kd7 45.Rxa6 Nxg3 46.Ra8 Ne4 47.a6 Nc5+ 48.Bxc5 Bxc5 49.a7  1-0

[Event "Dortmund-A"]
[Site "Dortmund"]
[Date "1988.??.??"]
[Round "?"]
[White "Mainka, Romuald"]
[Black "Lau, Ralf"]
[Result "1/2-1/2"]
[WhiteElo "2450"]
[BlackElo "2540"]

1.e4 c5 2.Nf3 e6 3.d4 cxd4 4.Nxd4 Nc6 5.Nc3 Qc7 6.Be2 a6 7.O-O Nf6 8.Kh1 Bb4
9.Nxc6 bxc6 10.f4 d5 11.e5 Nd7 12.Bd3 Be7 13.Na4 c5 14.c4 d4 15.Qc2 g6 16.Bd2 Bb7
17.Be4 O-O 18.b3 a5 19.Rae1 Rfd8 20.Bxb7 Qxb7 21.Rf3 Qc6 22.Qe4 Qxe4 23.Rxe4 h5
24.Kg1 Rdb8 25.Re1 Nb6 26.Nxb6 Rxb6 27.a4 Rbb8 28.Kf2 Kf8 29.Ke2 Ke8 30.Kd1 Kd7
31.Kc2 Rh8 32.g3 Bd8 33.Rf2 Bc7 34.Rf3 Rae8  1/2-1/2

[Event "Dortmund-A"]
[Site "Dortmund"]
[Date "1988.??.??"]
[Round "?"]
[White "Kindermann, Stefan"]
[Black "Wilder, Michael"]
[Result "1/2-1/2"]
[WhiteElo "2500"]
[BlackElo "2535"]

1.e4 c5 2.Nf3 Nc6 3.d4 cxd4 4.Nxd4 e6 5.Nc3 a6 6.g3 Nxd4 7.Qxd4 Ne7 8.Bf4 Nc6
9.Qd2 b5 10.Bg2 Bb7 11.O-O Na5 12.b3 Rc8 13.Ne2 Nc6 14.Rfd1 f6 15.c3 Bc5
16.Be3 Bxe3 17.Qxe3 Qc7 18.Rd2 O-O 19.Rad1 Nb8 20.Rd3 f5 21.e5 Bxg2 22.Kxg2 Qb7+
23.Kg1 Rc7 24.Rd6 Nc6 25.Nf4 Rfc8 26.R1d3 Nd8 27.Qd2 Nf7 28.Rxd7 Rxd7 29.Rxd7 Qc6
30.Nh5 Nxe5 31.Rxg7+ Kh8 32.Qh6 Nf3+ 33.Kf1 Nxh2+ 34.Kg1 Nf3+ 35.Kf1 Nh2+
36.Kg1 Nf3+  1/2-1/2

[Event "DSV-Turnier"]
[Site "Dresden"]
[Date "1988.??.??"]
[Round "?"]
[White "Vogt, Lothar"]
[Black "Horvath, Csaba"]
[Result "0-1"]
[WhiteElo "2485"]
[BlackElo "2390"]

1.e4 c5 2.Nf3 Nc6 3.d4 cxd4 4.Nxd4 e6 5.Nc3 Qc7 6.g3 a6 7.Bg2 Nf6 8.O-O Be7
9.Re1 O-O 10.Nxc6 dxc6 11.e5 Rd8 12.Qe2 Nd5 13.Ne4 Qxe5 14.c4 Nb4 15.Bf4 Qa5
16.Rad1 Rxd1 17.Rxd1 e5 18.Nd6 Be6 19.Bxe5 Qxa2 20.Bc3 Qb3 21.Qd2 Na2 22.Be5 Rd8
23.c5 b6 24.Ra1 bxc5 25.Qa5 f6 26.Qc7 Kf8 27.Bf4 g5 28.Be3 Rxd6  0-1

[Event "NZD-ch"]
[Site "Dunedin"]
[Date "1988.??.??"]
[Round "?"]
[White "Garbett, Paul Anthony"]
[Black "Small, Vernon A"]
[Result "1/2-1/2"]
[WhiteElo "2285"]
[BlackElo "2355"]

1.e4 c5 2.Nf3 e6 3.d4 cxd4 4.Nxd4 Nc6 5.Nc3 a6 6.g3 d6 7.Bg2 Bd7 8.O-O Be7
9.Nxc6 Bxc6 10.a4 Nf6 11.Be3 O-O  1/2-1/2

[Event "NZD-ch"]
[Site "Dunedin"]
[Date "1988.??.??"]
[Round "?"]
[White "Smith, Robert W"]
[Black "Stuart, Peter"]
[Result "1/2-1/2"]
[WhiteElo "2285"]
[BlackElo "2225"]

1.e4 c5 2.Nf3 e6 3.d4 cxd4 4.Nxd4 Nc6 5.Nc3 Qc7 6.f4 a6 7.Be2 b5 8.Nxc6 Qxc6
9.Bf3 Qc7 10.e5 Bb7 11.Ne4 Rc8 12.O-O h5 13.Be3 h4 14.a4 bxa4 15.Rxa4 Nh6
16.c3 Nf5 17.Bf2 Be7 18.Qd3 O-O 19.Rd1 Qb8 20.b4 Bc6 21.Raa1 Bb5 22.Qd2 Rfd8
23.Bc5 Bxc5+ 24.Nxc5 d5 25.Qf2 Qb6 26.Bg4 Nh6 27.Bh3 Rxc5 28.bxc5 Qc6 29.Rac1 Rc8
30.Qxh4 Qxc5+ 31.Qf2 Qxf2+ 32.Kxf2 g6 33.g3 Kf8 34.g4 Bc4 35.Kg3 Ng8 36.Bf1 Bxf1
37.Rxf1 Ne7 38.h4 Kg7 39.Rfd1 Rc7 40.Rd3 Rc6 41.Rd4 Rc5 42.Ra4 a5 43.c4 Nc8
44.Rca1 dxc4 45.Rxa5 Rc7 46.Rc1 Nb6 47.Rb5 Nd5 48.Kf3 c3 49.Rc2 Rc4 50.f5 gxf5
51.gxf5 Rf4+ 52.Kg3 Rxf5 53.Rc5 Kg6 54.Re2 Rf1 55.Rc4 Rg1+ 56.Kf2 Rc1 57.Re1 Rc2+
58.Kf3 Rh2 59.Rg1+ Kh7 60.Rcg4 Rh3+ 61.R4g3 Rxh4 62.Rg7+ Kh6 63.Rxf7 Rh5
64.Rf8 Kh7 65.Rf7+ Kh6 66.Rf8 Kh7 67.Ke4 Rh4+ 68.Kd3 Nf4+ 69.Ke3 Nd5+ 70.Kd3 Nf4+
71.Ke3 Nd5+ 72.Kf2 Rh5 73.Rf7+  1/2-1/2

[Event "Edinburgh op"]
[Site "Edinburgh"]
[Date "1988.??.??"]
[Round "5"]
[White "Bryson, Douglas M"]
[Black "Sommerfeld, Armin"]
[Result "1/2-1/2"]
[WhiteElo "2295"]
[BlackElo "2265"]

1.e4 c5 2.Nf3 e6 3.d4 cxd4 4.Nxd4 Nc6 5.Nc3 a6 6.f4 d6 7.Be3 Nf6 8.Qf3 Qa5
9.O-O-O Nxd4 10.Rxd4 Bd7 11.Bc4 Bc6 12.Rhd1 b5 13.Bb3 b4 14.Rc4 Bb7 15.Na4 d5
16.exd5 Bxd5 17.Qe2 Be7 18.Nb6 O-O 19.Nxa8 Rxa8 20.Qd3 Bxc4 21.Qxc4 Nd5 22.Qc6 Rd8
23.Bxd5 Rxd5 24.Rxd5 Qxd5 25.Qxd5 exd5 26.Kd2 f5 27.Kd3 Kf7 28.Bd4 Bd6 29.g3 g6
30.c3 Ke6 31.cxb4 Bxb4 32.a3 Bd6 33.b4 h5 34.Bc3 h4 35.Bd4 h3 36.Bf2 Kd7
37.Be1 Kc6 38.a4 Be7  1/2-1/2

[Event "Edinburgh op"]
[Site "Edinburgh"]
[Date "1988.??.??"]
[Round "5"]
[White "Mullen, I."]
[Black "Fatin, Tarek"]
[Result "0-1"]
[WhiteElo "2200"]
[BlackElo "2310"]

1.e4 c5 2.Nf3 e6 3.d4 cxd4 4.Nxd4 Nc6 5.Nc3 a6 6.Be3 Nf6 7.Bd3 Be7 8.O-O Qc7
9.Qe2 O-O 10.Kh1 d6 11.Nb3 b5 12.a4 b4 13.Nb1 Ne5 14.a5 d5 15.Bb6 Qb8 16.N1d2 Nxd3
17.cxd3 dxe4 18.dxe4 Bd7 19.Nd4 Rc8 20.Rfc1 Qe5 21.Rxc8+ Rxc8 22.Qxa6 Ng4
23.N2f3 Qxe4 24.Re1 Qd5 25.Qe2 e5 26.h3 exd4 27.hxg4 Bf6 28.Nxd4 Bxd4 29.Rd1 Qe5
30.Qxe5 Bxe5 31.Rxd7  0-1

[Event "Eger op"]
[Site "Eger"]
[Date "1988.??.??"]
[Round "?"]
[White "Brendel, Oliver"]
[Black "Zlatilov, Ivailo"]
[Result "1/2-1/2"]
[WhiteElo "2300"]
[BlackElo "2385"]

1.e4 c5 2.Nf3 e6 3.d4 cxd4 4.Nxd4 Nc6 5.Nc3 a6 6.Be2 Nge7 7.Be3 b5 8.O-O Nxd4
9.Qxd4 Nc6 10.Qd2 Qc7 11.Rad1 Be7 12.a4 bxa4 13.Nd5 exd5 14.exd5 Qa5 15.dxc6 Qxd2
16.Rxd2 dxc6 17.Bf3 O-O 18.Bxc6 Rb8 19.Bxa4 Rxb2 20.Bb3 Bb4 21.Rdd1 Be6 22.Bd4 Bxb3
23.Bxb2  1/2-1/2

[Event "Eger op"]
[Site "Eger"]
[Date "1988.??.??"]
[Round "?"]
[White "Heim, Bernhard"]
[Black "Varga, Zoltan"]
[Result "0-1"]
[WhiteElo "2260"]
[BlackElo "2350"]

1.e4 c5 2.Nf3 e6 3.d4 cxd4 4.Nxd4 Nc6 5.Nc3 Qc7 6.Be2 a6 7.Be3 Nf6 8.O-O Bb4
9.Na4 O-O 10.Nxc6 bxc6 11.Nb6 Rb8 12.Nxc8 Rfxc8 13.Bxa6 Rd8 14.Bd3 Bd6 15.f4 e5
16.f5 Rxb2 17.g4 Ne8 18.g5 Qa5 19.Kh1 Bc5 20.Bxc5 Qxc5 21.f6 g6 22.Qe1 d5
23.a4 dxe4 24.Bxe4 Nd6 25.a5 h5 26.a6 Ra8 27.Ra5 Rb5 28.Ra4 Rb6 29.Bd3 Qd5+
30.Kg1 e4 31.Qe3 Rb2 32.Bxe4 Nxe4 33.Qxe4 Qc5+ 34.Kh1 Rxc2 35.a7 Rc1  0-1

[Event "Eger op"]
[Site "Eger"]
[Date "1988.??.??"]
[Round "?"]
[White "Feher, Gyula"]
[Black "Szabolcsi, Janos"]
[Result "0-1"]
[WhiteElo "2325"]
[BlackElo "2415"]

1.e4 c5 2.Nf3 e6 3.d4 cxd4 4.Nxd4 Nc6 5.Nc3 Qc7 6.Be2 a6 7.O-O Nf6 8.Kh1 b5
9.Nxc6 dxc6 10.a3 Bb7 11.f4 h5 12.e5 Rd8 13.Qe1 Ng4 14.Ne4 c5 15.Bf3 Be7
16.Bd2 Qb8 17.Ba5 Rd7 18.Qe2 Nh6 19.Rad1 Rxd1 20.Rxd1 Nf5 21.Bc3 h4 22.Nd6+ Bxd6
23.exd6 Kd7 24.Kg1 Bxf3 25.Qxf3 Qa8 26.Qe2 h3 27.Rd3 Qxg2+ 28.Qxg2 hxg2 29.Kxg2 f6
30.Be1 Nxd6  0-1

[Event "Esbjerg"]
[Site "Esbjerg"]
[Date "1988.??.??"]
[Round "?"]
[White "Watson, William N"]
[Black "Hansen, Curt"]
[Result "1/2-1/2"]
[WhiteElo "2500"]
[BlackElo "2520"]

1.e4 c5 2.Nf3 e6 3.d4 cxd4 4.Nxd4 Nc6 5.Nc3 a6 6.Nxc6 bxc6 7.Bd3 d5 8.O-O Nf6
9.Re1 Rb8 10.Qe2 Bb4 11.Bf4 Rb6 12.Red1 O-O 13.Na4 Rb7 14.c4 Rd7 15.e5 dxc4
16.Bc2 Nd5 17.Bg3 Be7 18.Qxc4 c5 19.Nc3  1/2-1/2

[Event "Esbjerg-B"]
[Site "Esbjerg"]
[Date "1988.??.??"]
[Round "3"]
[White "Hoiberg, Nina"]
[Black "Jasnikowski, Zbigniew"]
[Result "0-1"]
[WhiteElo "2235"]
[BlackElo "2425"]

1.e4 c5 2.Nf3 e6 3.d4 cxd4 4.Nxd4 Nc6 5.Nc3 d6 6.Bc4 Nf6 7.Bb3 Be7 8.f4 O-O
9.Be3 a6 10.O-O Nxd4 11.Bxd4 b5 12.e5 dxe5 13.fxe5 Nd7 14.Ne4 Bb7 15.Nd6 Bxd6
16.exd6 Qg5 17.Qe2 a5 18.Rf2 Ra6 19.Bxe6 Rxd6 20.Bxd7 Rxd7 21.c3 Re7 22.Qc2 Rfe8
23.Raf1 f6 24.h4 Qd5 25.Rf5 Qxa2 26.Rh5 Be4 27.Qd2 Bc6 28.Qd3 Be4 29.Qxb5 Qe6
30.Qe2 a4 31.Ra5 Qc8 32.Qf2 Qg4 33.Rxa4 Bd3 34.Bxf6 Qxa4 35.Bxe7 Bxf1  0-1

[Event "Esbjerg-B"]
[Site "Esbjerg"]
[Date "1988.??.??"]
[Round "3"]
[White "Thomas, Ian"]
[Black "Fries Nielsen, Jens Ove"]
[Result "0-1"]
[WhiteElo "2325"]
[BlackElo "2385"]

1.e4 c5 2.Nf3 e6 3.d4 cxd4 4.Nxd4 Nc6 5.Nc3 a6 6.Be3 Qc7 7.f4 b5 8.e5 Bb7
9.Bd3 Nxd4 10.Bxd4 Bxg2 11.Rg1 Bb7 12.Ne4 Bxe4 13.Bxe4 Rc8 14.Qd2 f5 15.Bd3 Ne7
16.O-O-O Nd5 17.Kb1 g6 18.h4 Bc5 19.Bxc5 Qxc5 20.h5 Kf7 21.Be2 Rc7 22.Rg3 Qf2
23.Rf3 Qh2 24.Rd3 Qg2 25.Bf3 Qxd2 26.R3xd2 Nb6 27.Rd6 Rb8 28.b3 Rc3 29.R1d3 Rxd3
30.Rxd3 Ke7 31.hxg6 hxg6 32.Bg2 g5 33.fxg5 Nc4 34.Rh3 Nxe5 35.Rh7+ Kd6 36.Rg7 Rh8
37.b4 f4 38.Bb7 f3 39.Bxa6 Nc4 40.Rxd7+ Kxd7 41.Bxb5+ Kd6 42.Bxc4 Rh4 43.Bd3 Rxb4+
44.Kc1 f2 45.c4 Ke5  0-1